000 00475nam a2200181Ia 4500
001 16093
003 IN-NITTTR
005 20251114233152.0
008 251113s9999||||xx |||||||||||||| ||eng||
040 _beng
040 _cIN-NITTTR
041 _aeng
082 _a005.11 S12A
100 _aSobelman, Gerald E.
245 0 _aAdvanced C :
_b techniques and applications /
_cSobelman, Gerald E., Krekelberg, David E.
700 _a Krekelberg, David E.
942 _2ddc
_cBK
999 _c18727
_d18727